Mosaic 1: listening/speaking

Đã lưu trong:
書目詳細資料
主要作者: Hanreddy, Jami
格式: 圖書
語言:Undetermined
出版: New York McGraw-Hill 2007
主題:
標簽: 添加標簽
沒有標簽, 成為第一個標記此記錄!
Thư viện lưu trữ: Trung tâm Học liệu Trường Đại học Cần Thơ
LEADER 00806nam a2200241Ia 4500
001 CTU_123919
008 210402s9999 xx 000 0 und d
020 |c 162000 
082 |a 428.0071 
082 |b H284 
100 |a Hanreddy, Jami 
245 0 |a Mosaic 1: 
245 0 |b listening/speaking 
245 0 |c Jami Hanreddy, Elizabeth Whalley 
260 |a New York 
260 |b McGraw-Hill 
260 |c 2007 
650 |a English language,English language 
650 |x written english,textbooks for foreign speakers 
904 |i Năm, H.Mai chuyển số PL về 428.0071 dùng cho cả bộ, mã hóa cutter theo tên sách 
910 |a Kèm 2 CD (MOL. SỐ AV.000873 VÀ MON. SỐ AV.000872) 
915 |a 400 
980 |a Trung tâm Học liệu Trường Đại học Cần Thơ